Pozycja Topical Term
Liczba rekordów, w których użyto hasła: 1
001 - Numer kontrolny
- control field: 39316
003 - Identyfikator numeru kontrolnego
- control field: NUKAT
005 - Data i czas ostatniej modyfikacji
- control field: 20260331134919.0
008 - Dane kontrolne kodowane (40 znaków)
- fixed length control field: 150910n||azznnbabn |a ana |
010 ## - Numer kontrolny Biblioteki Kongresu
- numer kontrolny LC: p 2015091004
035 ## - Numer systemowy
- numer systemowy: a32315855
035 ## - Numer systemowy
- numer systemowy: (PL)a0000003231585
040 ## - Instytucja sporządzająca rekord
- inst. przygot. dane do rek. khw: WA N
- język haseł przedmiotowych/tezaurus: DBN
- inst. wprow. rek. khw: WA N
072 ## - Kod kategorii przedmiotu
- kod kategorii przedmiotu: 13
150 ## - Hasło - nazwa pospolita
- nazwa posp. lub nazwa geogr. na pocz.: Jesień Ludów
450 ## - Trop zob. - nazwa pospolita
- nazwa posp. lub nazwa geogr. na pocz.: Jesień Narodów
450 ## - Trop zob. - nazwa pospolita
- nazwa posp. lub nazwa geogr. na pocz.: Rewolucje 1989 r. w Europie Środkowo-Wschodniej
450 ## - Trop zob. - nazwa pospolita
- nazwa posp. lub nazwa geogr. na pocz.: Wydarzenia 1989 r. w Europie Środkowo-Wschodniej
550 ## - Trop zob. też - nazwa pospolita
- podpole kontrolne: g
- nazwa posp. lub nazwa geogr. na pocz.: Ruchy społeczne
550 ## - Trop zob. też - nazwa pospolita
- nazwa posp. lub nazwa geogr. na pocz.: Freedom Express (kampania społeczno-edukacyjna)
550 ## - Trop zob. też - nazwa pospolita
- nazwa posp. lub nazwa geogr. na pocz.: Piknik Paneuropejski (1989)
550 ## - Trop zob. też - nazwa pospolita
- podpole kontrolne: h
- nazwa posp. lub nazwa geogr. na pocz.: Bałtycki łańcuch (1989)
550 ## - Trop zob. też - nazwa pospolita
- podpole kontrolne: h
- nazwa posp. lub nazwa geogr. na pocz.: Pokojowa rewolucja w NRD (1989-1990)
551 ## - Trop zob. też - nazwa geograficzna
- nazwa geograficzna: Europa Środkowo-Wschodnia
551 ## - Trop zob. też - nazwa geograficzna
- nazwa geograficzna: Kraje socjalistyczne
682 ## - Informacja o usuniętym haśle
- tekst wyjaśniający: zatwierdzone